Detalles MARC
| 000 -LEADER |
| fixed length control field |
01820nam a2200349 a 4500 |
| 001 - CONTROL NUMBER |
| control field |
000007562 |
| 003 - CONTROL NUMBER IDENTIFIER |
| control field |
DO-SdBNP |
| 005 - DATE AND TIME OF LATEST TRANSACTION |
| control field |
20171003130946.0 |
| 007 - PHYSICAL DESCRIPTION FIXED FIELD--GENERAL INFORMATION |
| fixed length control field |
000007562 |
| 008 - FIXED-LENGTH DATA ELEMENTS--GENERAL INFORMATION |
| fixed length control field |
090909t2001 dr ac 001 edspa d |
| 020 ## - INTERNATIONAL STANDARD BOOK NUMBER |
| International Standard Book Number |
9993467006 |
| 040 ## - CATALOGING SOURCE |
| Original cataloging agency |
BPMSU |
| Language of cataloging |
spa |
| Transcribing agency |
BPMSU |
| 082 ## - DEWEY DECIMAL CLASSIFICATION NUMBER |
| Edition number |
|
| Classification number |
RD864.44 |
| Item number |
L296s, 2001 |
| 100 1# - MAIN ENTRY--PERSONAL NAME |
| Personal name |
Lantigua, José Rafael, |
| Dates associated with a name |
1949- |
| 245 10 - TITLE STATEMENT |
| Title |
Semblanzas del corazón : |
| Remainder of title |
memorias y nostalgias / |
| Statement of responsibility, etc. |
José Rafael Lantigua ; prólogo Adriano Miguel Tejada, Bruno Rosario Candelier. |
| 250 ## - EDITION STATEMENT |
| Edition statement |
2a ed. corr. y aumentada |
| 260 ## - PUBLICATION, DISTRIBUTION, ETC. (IMPRINT) |
| Place of publication, distribution, etc. |
Santo Domingo : |
| Name of publisher, distributor, etc. |
Amigo del hogar, |
| Date of publication, distribution, etc. |
2001. |
| 300 ## - PHYSICAL DESCRIPTION |
| Extent |
303 p. : |
| Other physical details |
il., retrs. ; |
| Dimensions |
24 cm. |
| 500 ## - GENERAL NOTE |
| General note |
Incluye índice onomástico. |
| 500 ## - GENERAL NOTE |
| General note |
Incluye bibliografía y notas al pie de páginas. |
| 505 0# - FORMATTED CONTENTS NOTE |
| Title |
Nota del autor -- |
| -- |
Esta va del alma. Prólogo a la primera edición / |
| Statement of responsibility |
Adriano Miguel Tejeda -- |
| Title |
Vivencias memorables. Prólogo a la segunda edición / |
| Statement of responsibility |
Bruno Rosario Candelier -- |
| Title |
Moldeando la arcilla -- |
| -- |
Magisterios fecundos -- |
| -- |
La amistad en tres visiones -- |
| -- |
La poesía tiene un lugar aquí -- |
| -- |
Las generaciones precedentes -- |
| -- |
Tres mujeres de ayer y de hoy -- |
| -- |
Tres testimonios en el recuerdo -- |
| -- |
Un punto de mira: la nostalgia -- |
| -- |
De historias y sucesos -- |
| -- |
Dos discursos -- |
| -- |
Para la historia del Ateneo de Moca -- |
| -- |
Apéndice -- |
| -- |
Índice onomástico. |
| 650 #4 - SUBJECT ADDED ENTRY--TOPICAL TERM |
| Topical term or geographic name as entry element |
ENSAYOS DOMINICANOS |
| 650 #4 - SUBJECT ADDED ENTRY--TOPICAL TERM |
| Topical term or geographic name as entry element |
AUTORES DOMINICANOS |
| General subdivision |
CORRESPONDENCIA, MEMORIAS, ETC. |
| 650 #4 - SUBJECT ADDED ENTRY--TOPICAL TERM |
| Topical term or geographic name as entry element |
LITERATURA DOMINICANA |
| 651 #4 - SUBJECT ADDED ENTRY--GEOGRAPHIC NAME |
| Geographic name |
MOCA (REPÚBLICA DOMINICANA) |
| General subdivision |
VIDA SOCIAL Y COSTUMBRES |
| 700 1# - ADDED ENTRY--PERSONAL NAME |
| Personal name |
Tejada, Adriano Miguel, |
| Dates associated with a name |
1948-, |
| Relator term |
pról. |
| 700 1# - ADDED ENTRY--PERSONAL NAME |
| Personal name |
Rosario Candelier, Bruno, |
| Dates associated with a name |
1941-, |
| Relator term |
pról. |
| 910 ## - USER-OPTION DATA (OCLC) |
| User-option data |
Validado. Control de calidad EMS. |
| 942 ## - ADDED ENTRY ELEMENTS (KOHA) |
| Source of classification or shelving scheme |
Dewey Decimal Classification |
| Koha item type |
Libros |
| 945 ## - LOCAL PROCESSING INFORMATION (OCLC) |
| a |
Inventariado / 2017 VM |
| 956 ## - LOCAL ELECTRONIC LOCATION AND ACCESS (OCLC) |
| Host name |
VMATEO |
| Access number |
10 |
| Compression information |
20150727 |
| Logon |
BPMSU |
| Processor of request |
00151 |